Recent Approaches for Management of Plant Diseases/ edited by Srikanta Das...[et al.] (Record no. 52258)

MARC details
000 -LEADER
fixed length control field 00592nam a22001937a 4500
003 - CONTROL NUMBER IDENTIFIER
control field OSt
008 - FIXED-LENGTH DATA ELEMENTS--GENERAL INFORMATION
fixed length control field 260624b |||||||| |||| 00| 0 eng d
020 ## - INTERNATIONAL STANDARD BOOK NUMBER
International Standard Book Number 9788170195993
082 ## - DEWEY DECIMAL CLASSIFICATION NUMBER
Classification number 632.3046
Item number D22R
245 ## - TITLE STATEMENT
Title Recent Approaches for Management of Plant Diseases/ edited by Srikanta Das...[et al.]
250 ## - EDITION STATEMENT
Edition statement 1st. ed.
260 ## - PUBLICATION, DISTRIBUTION, ETC. (IMPRINT)
Place of publication, distribution, etc Delhi :
Name of publisher, distributor, etc Today & Tomorrow Printers and Publishers,
Date of publication, distribution, etc 2018.
300 ## - PHYSICAL DESCRIPTION
Extent 499 p.
650 ## - SUBJECT ADDED ENTRY--TOPICAL TERM
Topical term or geographic name as entry element Technology (Applied Sciences)
650 ## - SUBJECT ADDED ENTRY--TOPICAL TERM
Topical term or geographic name as entry element Plant injuries, diseases, pests
650 ## - SUBJECT ADDED ENTRY--TOPICAL TERM
Topical term or geographic name as entry element Plant pathology
700 ## - ADDED ENTRY--PERSONAL NAME
Personal name Das, Srikanta
942 ## - ADDED ENTRY ELEMENTS (KOHA)
Source of classification or shelving scheme
Koha item type Books
Holdings
Withdrawn status Lost status Source of classification or shelving scheme Damaged status Not for loan Home library Current library Shelving location Date acquired Source of acquisition Total Checkouts Full call number Barcode Date last seen Bill Date Koha item type Bill Number
          Dr. Rajendra Prasad Central Agricultural University Pusa, Dr. Rajendra Prasad Central Agricultural University Pusa, General Stacks 24/06/2026 Today & Tomorrow Printers and Publishers   632.3046 D22R 87530 24/06/2026 29/01/2026 Books Bill No. IN-00449
          Dr. Rajendra Prasad Central Agricultural University Pusa, Dr. Rajendra Prasad Central Agricultural University Pusa, General Stacks 24/06/2026 Today & Tomorrow Printers and Publishers   632.3046 D22R 87531 24/06/2026 29/01/2026 Books Bill No. IN-00449
Hosted, Implemented, Customized & Maintained by: BestBookBuddies

Powered by Koha